|
|
|
|
| LEADER |
01346nam a2200325 a 4500 |
| 001 |
16993653 |
| 008 |
120325s2011 wau 000 0 eng |
| 010 |
|
|
|a 2011499266
|
| 020 |
|
|
|a 9788120342569
|
| 020 |
|
|
|a 9780735639027 (pbk.)
|
| 020 |
|
|
|a 0735639027 (pbk.)
|
| 040 |
|
|
|a UKM
|c UKM
|d BTCTA
|d YDXCP
|d BEL
|d BWX
|d IBI
|d DLC
|d BD-DhAAL
|
| 042 |
|
|
|a lccopycat
|
| 050 |
0 |
0 |
|a TK5105.8883
|b .L453 2010
|
| 082 |
0 |
4 |
|a 006.78
|2 22
|
| 100 |
1 |
|
|a Leeds, Chris.
|
| 245 |
1 |
0 |
|a Microsoft Expression Web 4 step by step /
|c by Chris Leeds.
|
| 260 |
|
|
|a Redmond, Wash. :
|b Microsoft ;
|a Sebastopol, CA :
|b O'Reilly [distributor] ;
|a New Delhi :
|b PHI Learning Pvt. Ltd.,
|c 2011.
|
| 300 |
|
|
|a xix, 519 p. :
|b ill. ;
|c 23 cm.
|
| 490 |
1 |
|
|a Step by step
|
| 520 |
|
|
|a Offers instructions on how to create Web pages and set up new sites with Expression Web.
|
| 541 |
|
|
|e 00024834
|
| 630 |
0 |
0 |
|a Microsoft Expression Web.
|
| 630 |
0 |
7 |
|a Microsoft Expression Web (Computer software)
|2 sears
|
| 650 |
|
0 |
|a Web sites
|x Design.
|
| 650 |
|
7 |
|a Web sites
|x Design.
|2 sears
|
| 830 |
|
0 |
|a Step by step (Redmond, Wash.)
|
| 852 |
1 |
|
|a Ayesha Abed Library
|c General shelf.
|
| 999 |
|
|
|c 12038
|d 12038
|
| 952 |
|
|
|0 0
|1 0
|2 ddc
|4 0
|6 006_780000000000000_LEE
|7 0
|9 19819
|a BRACUL
|b BRACUL
|c GEN
|d 2012-03-24
|e TRIM EDUCATION
|g 875.00
|l 1
|m 15
|o 006.78 LEE
|p 3010024834
|r 2014-01-16
|s 2013-08-31
|t 1
|w 2012-03-27
|y BK
|